Sports Quiz

Random Sports Quiz

English teams playing in UEFA competitions Quiz Stats

 Plays Quiz not verified by Sporcle

Support Sporcle.
Go Orange.
Score 0/36 Timer 10:00
0 Plays Today
Alphabetical Team % Correct
Arsenal
99.1%
Manchester United
99.1%
Manchester City
98.2%
Chelsea
97.7%
Liverpool
96.8%
Tottenham
96.4%
Everton
95.9%
Aston Villa
95.5%
Newcastle
95.5%
Fulham
93.2%
Leeds
93.2%
West Ham
93.2%
Blackburn
91.9%
Bolton
91%
Sunderland
90%
Birmingham
89.1%
Nottingham Forest
88.2%
West Brom
86%
Alphabetical Team % Correct
Portsmouth
85.5%
Middlesbrough
84.6%
Ipswich
83.7%
Norwich
82.4%
Wolves
80.1%
Leicester
79.6%
Southampton
77.4%
Derby
76.5%
QPR
75.1%
Stoke
73.8%
Sheffield Wednesday
73.3%
Burnley
67.4%
Coventry
67%
Crystal Palace
64.3%
Millwall
62.4%
Wimbledon
61.1%
Watford
57.5%
Bradford
53.4%

You're not logged in!

Compare scores with friends on all Sporcle quizzes.
OR
Log In

From the Vault

Sports Mascot Blitz

by Thebiguglyalien

Mascots are right on the line between cute and terrifying.
Remove Ads.
Support Sporcle.
Get the best of Sporcle when you Go Orange. This ad-free experience offers more features, more stats, and more fun while also helping to support Sporcle. Thank you for becoming a member.

Show Comments

Extras

Top Quizzes Today


Score Distribution

Your Account Isn't Verified!

In order to create a playlist on Sporcle, you need to verify the email address you used during registration. Go to your Sporcle Settings to finish the process.

Report this User

Report this user for behavior that violates our Community Guidelines.

Details: